Καμύ : ανάλυση του έργου του από τον
Αποθηκεύτηκε σε:
| Κύριος συγγραφέας: | |
|---|---|
| Μορφή: | Βιβλίο |
| Γλώσσα: | Greek English |
| Δημοσίευση: |
Αθήνα :
Μπουκουμάνης,
c1972.
|
| Σειρά: | Σύγχρονοι θεωρητικοί ;
2 |
| Θέματα: | |
| Ετικέτες: |
Προσθήκη ετικέτας
Δεν υπάρχουν, Καταχωρήστε ετικέτα πρώτοι!
|
MARC
| LEADER | 00000cam a2200000 i 4500 | ||
|---|---|---|---|
| 001 | 1/16041 | ||
| 008 | 111026s1972 gr | ||| |||| ||gre|| | ||
| 035 | |l 10111212 | ||
| 040 | |a GR-MyUa |b gre |e AACR2 | ||
| 041 | 1 | |a gre |h eng | |
| 082 | 7 | |a 843 |2 (22) | |
| 100 | 1 | |a O'Brien, Conor Cruise, |d 1917-2008. | |
| 245 | 1 | 0 | |a Καμύ : |b ανάλυση του έργου του από τον / |c Κόνορ Κρούζ Ο'Μπράιεν ; μετάφραση Δημ. Θεοδωρακάτου. |
| 260 | |a Αθήνα : |b Μπουκουμάνης, |c c1972. | ||
| 300 | |a 124 σ. ; |c 19 εκ. | ||
| 490 | 1 | |a (Σύγχρονοι θεωρητικοί ; |v 2) | |
| 500 | |a Τίτλος πρωτοτύπου: Camys. | ||
| 504 | |a Βιβλιογραφία: σ. 123-124. | ||
| 600 | 1 | 0 | |a Camus, Albert, |d 1913-1960. |
| 650 | 0 | |a Authors, French |y 20th century |x Biography. | |
| 650 | 0 | |a Authors, Algerian |y 20th century |x Biography. | |
| 830 | 0 | |a Σύγχρονοι θεωρητικοί ; |v 2 | |
| 852 | |a INST |b SYROS |e 20111026 |h 843 OBR |p 005500009762 |q 005500009762 |t BK |y 0 | ||
| 901 | |a BIBL5-2011-2 | ||
| 970 | |a Κοντού |b Παρασκευή |z 26/10/2011 | ||